Cultural and heritage tourism (Record no. 487314)

MARC details
000 -LEADER
fixed length control field 00519nam a2200193Ia 4500
008 - FIXED-LENGTH DATA ELEMENTS--GENERAL INFORMATION
fixed length control field 210417s9999 xx 000 0 und d
020 ## - INTERNATIONAL STANDARD BOOK NUMBER
International Standard Book Number 9781788823036
-- 1788823036
082 ## - DEWEY DECIMAL CLASSIFICATION NUMBER
Classification number 338.4791 FUL
Item number 22.338.4791 FUL
245 #0 - TITLE STATEMENT
Title Cultural and heritage tourism
Statement of responsibility, etc. Cultural and heritage tourism
250 ## - EDITION STATEMENT
Remainder of edition statement "xiv, 316 p. : ill. ; 24 cm., hbk."
260 ## - PUBLICATION, DISTRIBUTION, ETC.
Place of publication, distribution, etc. United Kingdom
Name of publisher, distributor, etc. ED - Tech Press
Date of publication, distribution, etc. 2018
700 ## - ADDED ENTRY--PERSONAL NAME
Personal name "Fuller, Acqwon"
Numeration Acqwon Fuller
Holdings
Withdrawn status Lost status Damaged status Not for loan Home library Current library Shelving location Date acquired Total Checkouts Barcode Date last seen Price effective from Koha item type
        Anna Centenary Library Anna Centenary Library 4TH FLOOR, A WING 17.04.2021   607540 17.04.2021 17.04.2021 Books

Find us on the map